000 00916cam a2200205 4500
001 WB3739-22
008 011016n2001 000 0 eng u
035 _a(Sirsi) u115131
245 _aAppeals challenge in High Court
260 _c2001
490 _aPlanning (for the Natural and Built Environment)
_v(1440) 12 October 2001, 2(1)
520 _aAlfred McAlpine Developments (AMD) has brought an action against Swale BC, claiming that the local plan system's scrutiny process is incompatible with the Human Rights Act 1998, after Swale rejected AMD's proposals for a housing scheme and new road in Sittingborne, dispite the support of a planning inspector.
590 _aWB
650 _aPLANNING SYSTEM
650 _aPLANNING AUTHORITIES
650 _aHUMAN RIGHTS ACT 1998
650 _aPLANNING APPEAL PROCEDURES
690 _aENVIRONMENTAL AND LAND CONSULTANCY-PLANNING AND DEVELOPMENT
942 _n0
999 _c68568
_d68568